|
|
|
|
| LEADER |
00000naa a2200000 i 4500 |
| 001 |
publ1767 |
| 005 |
20210628145326.0 |
| 008 |
210628s2021 hu o 000 zxx d |
| 020 |
|
|
|a 978-615-5607-94-3
|
| 024 |
|
|
|a 10.29180/ISSUEII.21.3
|2 doi
|
| 040 |
|
|
|a BGE Publikációtár Repozitórium
|b hun
|
| 100 |
1 |
|
|a Szegedi Krisztina
|
| 245 |
1 |
0 |
|a Case 3
|b Magnet Hungarian Community Bank
|c Szegedi Krisztina
|h [elektronikus dokumentum]
|
| 260 |
|
|
|a ISSUE Project Partners
|c 2021
|
| 300 |
|
|
|a 41-66
|
| 490 |
0 |
|
|a Sustainability Teaching Case Studies Issue Methodology Handbook 2.
|v 2.
|
| 650 |
|
4 |
|a gazdálkodás- és szervezéstudományok
|
| 695 |
|
|
|a case study
|
| 695 |
|
|
|a community bank
|
| 700 |
1 |
|
|a Győri Zsuzsanna
|e aut
|
| 700 |
1 |
|
|a Yahia Kahn
|e aut
|
| 856 |
4 |
0 |
|u https://publikaciotar.uni-bge.hu/id/eprint/1767/1/41_66_merged.pdf
|z Dokumentum-elérés
|